000 00566nam a2200133 4500
999 _c14281
_d14281
008 190906b ||||| |||| 00| 0 eng d
082 _aDPer 050 T48 Apr-June 2016 v. 187 n. 12-24
100 _939477
_aLuscombe, Belinda.
245 _aMary Barra:
_bThe CEO and chair of general motors believes in speed, self-driving cars and not deciding too early who should be president/
_cBelinda Luscombe.
260 _aHong Kong:
_bTime Asia,
_cc2016.
300 _av187 n22, page 52:
_billustrations;
_c27 cm.
650 _aExecutors and administrators.
_918629
942 _2ddc
_cPER